| 000 | 00639nam a22001937a 4500 | ||
|---|---|---|---|
| 008 | 160622b xxu||||| |||| 00| 0 eng d | ||
| 020 | _a978-0-07-127852-2 (pbk.) | ||
| 082 |
_22009 _aDC 621.811 _bN82k |
||
| 100 |
_910322 _aNorton, Robert L. |
||
| 245 |
_aKinematics and dynamics of machinery/ _cRobert L. Norton. |
||
| 250 | _aFirst Edition in SI Units | ||
| 260 |
_aBoston : _bMcGraw-Hill Higher Education, _cc2009. |
||
| 300 |
_axv, 784 pages : _billustrations ; _c24 cm. |
||
| 500 | _aIncludes index. | ||
| 521 | _aIncludes index. | ||
| 650 | 0 |
_910323 _aMachinery, Kinematics of |
|
| 650 | 0 |
_910325 _aDynamics |
|
| 942 |
_2ddc _cDC |
||
| 999 |
_c3094 _d3094 |
||